| 000 | 00666nam a2200205Ia 4500 | ||
|---|---|---|---|
| 003 | GCL | ||
| 008 | 140319s9999 xx 000 0 ara d | ||
| 040 |
_aGCL / _cGCL |
||
| 082 | 0 | 4 |
_a813.083 _bع ا |
| 100 | 1 | _aعزالدين نجيب | |
| 245 | 1 | 0 |
_aالصامتون: تجارب فى الثقافة والديمقراطية بالريف المصرى / _cعزالدين نجيب |
| 300 | _a185 ص | ||
| 490 |
_aالهيئة العامة للاستعلامات _v0 |
||
| 650 | 0 | 4 | _aالادب العربى |
| 650 | 0 | 4 | _aالقصص العربية |
| 650 | 0 | 4 | _aالادب |
| 650 | 0 | 4 | _aالقصص الاجتماعية |
| 650 | 0 | 4 | _aالقصص |
| 942 |
_2ddc _cBK |
||
| 999 |
_c50535 _d50535 |
||